000 00597nam a2200217 i 4500
001 133414
003 ES-MaACL
005 20250814051852.0
007 t|
008 070214s1965 sp a |||| | spa d
100 1 _aRuigi, L.
_9100572
245 1 3 _aLa distribución /
_cpor L. Ruigi.
250 _a1ª ed.
260 _aBarcelona :
_bCeac,
_c1965.
300 _a160 p. :
_bil. ;
_c22 cm.
490 1 _aMotor y automóvil
650 7 _aMotores de combustión interna
_2embne
_9160708
830 0 _aMotor y automóvil
_9187261
852 _aES-MaACL
_jC-28100
999 _c133414
_d133414